[Event "World Senior chT-50 2019"]
[Site "Rhodes"]
[Date "2019.04.23"]
[Round "8.11"]
[White "Petursson, Margeir"]
[Black "Kozlovskaya, Valentina"]
[Result "1/2-1/2"]
[WhiteElo "2492"]
[BlackElo "2161"]
[Annotator "TA"]
[PlyCount "102"]
[EventDate "2019.04.16"]
[EventType "team-tourn"]
[EventCountry "GRE"]
[SourceTitle "playchess.com"]
[Source "ChessBase"]
[SourceQuality "1"]
[WhiteTeam "Iceland"]
[BlackTeam "Russia"]
[WhiteTeamCountry "ISL"]
[BlackTeamCountry "RUS"]

{[%evp 9,102,37,54,31,54,50,107,53,52,52,116,107,111,104,104,94,113,113,110,106,118,107,121,91,85,82,81,84,100,85,83,68,91,107,169,156,166,150,162,124,141,68,125,120,139,-2,-17,-12,-4,-60,-41,-50,-50,-48,-45,-61,-60,-58,0,-46,0,-69,0,0,0,0,0,0,0,0,-9,-8,4,-43,-42,-37,-37,-37,0,0,0,0,0,-167,0,0,0,0,0,0,0,0,-5,-8,-8]} 1. d4 Nf6 2. c4 d6 3. Nc3 g6 4. e4 Bg7 5. Bg5 c6 6. h3 {E70: King's Indian: Miscellaneous lines with 4 e4, including 5 Nge2 and 5 Bd3 0-0 6 Nge2} (6. f4 h6 7. Bh4 Nh5 8. Nge2 a6 9. h3 b5 10. g4 Nf6 11. e5 dxe5 12. dxe5 Nfd7 13. e6 fxe6 {½-½ (50) Beliavsky,A (2646)-Lopez Martinez,J (2540) Budva 2009}) 6... h6 7. Be3 Na6 ({Black should play} 7... O-O $14) 8. Bd3 $146 (8. Qd2 $16) ({Predecessor:} 8. Nf3 Qa5 9. Qd2 e5 10. a3 exd4 11. Bxd4 O-O 12. Bd3 Nc5 13. Bc2 {0-1 (29) Kjartansson,G (2307)-Bojkov,D (2523) Reykjavik 2008}) 8... e5 $14 9. d5 c5 (9... O-O $14) 10. Nge2 Nc7 11. a3 b6 12. Rb1 O-O 13. Qd2 Kh7 14. g4 Ng8 15. Ng3 Bf6 16. Kf1 Bg5 17. Kg2 Bxe3 18. Qxe3 Ne8 19. Rbf1 Kg7 20. Be2 a6 21. h4 f6 (21... Qf6 $16 {was worth a try.}) 22. f4 exf4 23. Rxf4 Ra7 24. Nf1 Raf7 25. Nd2 (25. h5 $16) 25... Qe7 (25... f5 $14) 26. Qg3 g5 27. hxg5 (27. Rff1 $16) 27... fxg5 $11 28. Rxf7+ Rxf7 29. Rf1 (29. Nd1 $11) 29... Rxf1 30. Bxf1 Ngf6 31. Be2 Nd7 32. Nf3 Nef6 33. Bd3 Ne8 (33... Kf8 $15) 34. Na4 Nef6 (34... b5 $5 35. cxb5 axb5 $15) 35. b4 ({White should try} 35. Nc3 $11) 35... Ng8 ({Much weaker is} 35... Nxe4 $6 36. Qe1 $16) (35... cxb4 $15 36. axb4 b5 37. cxb5 axb5) 36. e5 {[#] Hoping for e6.} dxe5 37. bxc5 $1 bxc5 {And now ...e4 would win.} (37... e4 $5 38. Nd4 $8 Nxc5 39. Nxc5 bxc5 $11) 38. Bf5 Ngf6 39. Nc3 e4 40. Nd2 {[%cal Rd2e4]} e3 $132 {[%mdl 2048] Black is not holding back} 41. Nf3 {aiming for Qc7.} Nb6 42. Bxc8 Nxc8 43. Qe5 $1 Qd7 44. Ne4 Qxg4+ {[%mdl 64] Double Attack} 45. Ng3 e2 {Threatens to win with ...h5.} 46. Qxe2 $2 {[#]} (46. Qc7+ $1 $11 {and White is okay.} Kf8 47. Qxc5+ Ne7 48. Qd6 {[%mdl 64] Double Attack}) 46... Nh5 $2 (46... h5 $1 $19 {[%cal Rh5h4] Strongly threatening ...h4.} 47. Ne5 Qxe2+ 48. Nxe2 Ne4) 47. Qe5+ {The position is equal.} Kf7 48. Qe6+ $1 Qxe6 49. dxe6+ Kxe6 {...Nxg3 is the strong threat.} 50. Nxh5 Nb6 51. Nd2 Ke5 {Accuracy: White = 45%, Black = 47%.} 1/2-1/2

[Event "World Senior chT-50 2019"]
[Site "Rhodes"]
[Date "2019.04.23"]
[Round "8.12"]
[White "Fatalibekova, Elena"]
[Black "Arnason, Jon L"]
[Result "1/2-1/2"]
[WhiteElo "2148"]
[BlackElo "2423"]
[Annotator "ChessBase"]
[PlyCount "60"]
[EventDate "2019.04.16"]
[EventType "team-tourn"]
[EventCountry "GRE"]
[SourceTitle "playchess.com"]
[Source "ChessBase"]
[SourceQuality "1"]
[WhiteTeam "Russia"]
[BlackTeam "Iceland"]
[WhiteTeamCountry "RUS"]
[BlackTeamCountry "ISL"]
[TimeControl "40/5400+30:1800+30"]

1. Nf3 {[%emt 0:00:00]} c5 {[%emt 0:00:00]} 2. c4 {[%emt 0:00:00]} Nc6 {[%emt 0:00:12]} 3. Nc3 {[%emt 0:00:02]} Nf6 {[%emt 0:01:02]} 4. g3 {[%emt 0:01:54]} d5 {[%emt 0:04:43]} 5. cxd5 {[%emt 0:00:07]} Nxd5 {[%emt 0:00:03]} 6. Bg2 {[%emt 0:00:06]} Nc7 {[%emt 0:00:21]} 7. d3 {[%emt 0:00:29]} g6 {[%emt 0:02:15]} 8. O-O {[%emt 0:00:12]} Bg7 {[%emt 0:00:08]} 9. Bd2 {[%emt 0:08:23]} O-O {[%emt 0:00:57]} 10. Qa4 {[%emt 0:00:30]} e5 {[%emt 0:11:59]} 11. Ne4 {[%emt 0:04:59]} Qe7 {[%emt 0:08:36]} 12. Rac1 {[%emt 0:00:09]} Ne6 {[%emt 0:02:03]} 13. Be3 {[%emt 0:15:22]} Ncd4 {[%emt 0:05:19]} 14. Nxd4 {[%emt 0:00:40]} exd4 {[%emt 0:01:51]} 15. Bd2 {[%emt 0:02:02]} Bd7 {[%emt 0:05:07]} 16. Qb3 {[%emt 0:06:33]} b6 {[%emt 0:07:00]} 17. f4 {[%emt 0:00:21]} Nc7 {[%emt 0:03:23]} 18. Rce1 {[%emt 0:01:41]} h6 {[%emt 0:01:46]} 19. e3 {[%emt 0:01:45]} Be6 {[%emt 0:00:28]} 20. Qa3 {[%emt 0:00:58]} dxe3 {[%emt 0:01:39]} 21. Bxe3 {[%emt 0:00:03]} Nd5 {[%emt 0:00:17]} 22. Bf2 {[%emt 0:00:30]} Nb4 {[%emt 0:01:08]} 23. Rd1 {[%emt 0:05:56]} Rad8 {[%emt 0:00:24]} 24. Kh1 {[%emt 0:08:48]} a5 {[%emt 0:02:38]} 25. Rd2 {[%emt 0:01:44]} Bxa2 {[%emt 0:02:28]} 26. b3 {[%emt 0:02:38]} f5 {[%emt 0:00:59]} 27. Nxc5 {[%emt 0:02:24]} bxc5 {[%emt 0:00:20]} 28. Rxa2 {[%emt 0:01:17]} Nxa2 {[%emt 0:01:14]} 29. Qxa2 {[%emt 0:00:02]} Rxd3 {[%emt 0:02:20]} 30. Bxc5 {[%emt 0:04:47]} Qf7 {[%emt 0:11:43]} 1/2-1/2

[Event "World Senior chT-50 2019"]
[Site "Rhodes"]
[Date "2019.04.23"]
[Round "8.13"]
[White "Vaganian, Rafael A"]
[Black "Grant, Jonathan I M"]
[Result "1-0"]
[WhiteElo "2535"]
[BlackElo "2226"]
[Annotator "ChessBase"]
[PlyCount "81"]
[EventDate "2019.04.16"]
[EventType "team-tourn"]
[EventCountry "GRE"]
[SourceTitle "playchess.com"]
[Source "ChessBase"]
[SourceQuality "1"]
[WhiteTeam "Armenia"]
[BlackTeam "Scotland"]
[WhiteTeamCountry "ARM"]
[BlackTeamCountry "SCO"]
[TimeControl "40/5400+30:1800+30"]

1. Nf3 {[%emt 0:00:00]} c5 {[%emt 0:00:00]} 2. c4 {[%emt 0:00:42]} Nc6 {[%emt 0:00:21]} 3. Nc3 {[%emt 0:00:26]} g6 {[%emt 0:00:10]} 4. d4 {[%emt 0:01:52]} cxd4 {[%emt 0:00:08]} 5. Nxd4 {[%emt 0:00:04]} Bg7 {[%emt 0:00:14]} 6. Nc2 {[%emt 0:00:01]} Nf6 {[%emt 0:01:16]} 7. e4 {[%emt 0:01:33]} O-O {[%emt 0:00:14]} 8. Be2 {[%emt 0:00:03]} d6 {[%emt 0:02:26]} 9. Be3 {[%emt 0:04:46]} Be6 {[%emt 0:05:48]} 10. f3 {[%emt 0:05:52]} Qa5 {[%emt 0:04:12]} 11. Qd2 {[%emt 0:01:59]} Rfc8 {[%emt 0:04:46]} 12. Nd5 {[%emt 0:03:20]} Qd8 {[%emt 0:11:17]} 13. Rb1 {[%emt 0:06:41]} Nd7 {[%emt 0:17:28]} 14. Nf4 {[%emt 0:05:39]} Nf8 {[%emt 0:01:45]} 15. O-O {[%emt 0:00:36]} Ne5 {[%emt 0:04:17]} 16. b3 {[%emt 0:01:56]} Bd7 {[%emt 0:05:49]} 17. Kh1 {[%emt 0:01:05]} Ne6 {[%emt 0:02:19]} 18. Nd5 {[%emt 0:01:59]} Nc6 {[%emt 0:02:02]} 19. Rbd1 {[%emt 0:01:18]} Be8 {[%emt 0:07:06]} 20. Bh6 {[%emt 0:08:40]} Bh8 {[%emt 0:00:53]} 21. f4 {[%emt 0:01:56]} Ned4 {[%emt 0:03:10]} 22. Nxd4 {[%emt 0:01:47]} Nxd4 {[%emt 0:00:11]} 23. Bg5 {[%emt 0:04:02]} Nc6 {[%emt 0:02:27]} 24. e5 {[%emt 0:01:03]} f6 {[%emt 0:03:11]} 25. exf6 {[%emt 0:02:11]} exf6 {[%emt 0:00:20]} 26. Bh4 {[%emt 0:00:03]} Bf7 {[%emt 0:07:14]} 27. Bg4 {[%emt 0:00:41]} Rcb8 {[%emt 0:00:45]} 28. Rfe1 {[%emt 0:08:18]} b5 {[%emt 0:05:56]} 29. Be6 {[%emt 0:01:40]} bxc4 {[%emt 0:00:30]} 30. Bxf7+ {[%emt 0:03:29]} Kxf7 {[%emt 0:00:08]} 31. Qe2 {[%emt 0:00:30]} Qd7 {[%emt 0:08:25]} 32. Qxc4 {[%emt 0:00:25]} Na5 {[%emt 0:00:36]} 33. Qc7 {[%emt 0:01:05]} Qxc7 {[%emt 0:00:34]} 34. Nxc7 {[%emt 0:00:10]} Nb7 {[%emt 0:00:23]} 35. b4 {[%emt 0:00:18]} a5 {[%emt 0:00:22]} 36. Nxa8 {[%emt 0:00:06]} Rxa8 {[%emt 0:00:09]} 37. Rc1 {[%emt 0:00:02]} Nd8 {[%emt 0:00:53]} 38. Rc7+ {[%emt 0:00:11]} Kf8 {[%emt 0:00:27]} 39. b5 {[%emt 0:00:09]} Rb8 {[%emt 0:00:45]} 40. a4 {[%emt 0:00:00]} h6 {[%emt 0:00:00]} 41. Rec1 {[%emt 0:01:22]} 1-0

[Event "World Senior chT-50 2019"]
[Site "Rhodes"]
[Date "2019.04.23"]
[Round "8.14"]
[White "Farrell, Neil"]
[Black "Minasian, Artashes"]
[Result "0-1"]
[WhiteElo "2132"]
[BlackElo "2472"]
[Annotator "TA"]
[PlyCount "60"]
[EventDate "2019.04.16"]
[EventType "team-tourn"]
[EventCountry "GRE"]
[SourceTitle "playchess.com"]
[Source "ChessBase"]
[SourceQuality "1"]
[WhiteTeam "Scotland"]
[BlackTeam "Armenia"]
[WhiteTeamCountry "SCO"]
[BlackTeamCountry "ARM"]

{[%evp 22,80,27,12,20,0,11,0,0,0,0,-34,-32,-27,-33,-40,-42,-48,-46,-66,-60,-111,-112,-125,-116,-112,-60,-75,-61,-75,-66,-185,-201,-208,-205,-175,-195,-175,-174,-180,-150,-143,-137,-230,-225,-338,-213,-206,-206,-196,-205,-202,-202,-546,-524,-773,-740,-2268,-268,-29996,-29997]} 1. d4 g6 2. c4 Bg7 3. Nf3 c5 4. d5 d6 5. Nc3 Nf6 6. g3 e6 7. Bg2 exd5 8. cxd5 O-O 9. O-O a6 10. a4 Nbd7 11. Bf4 Qe7 12. Qd2 Ng4 {A63: Modern Benoni: Fianchetto Variation: 9...Nbd7} 13. h3 Nge5 14. Rfe1 Rb8 {The position is equal.} 15. Rab1 $146 ({Predecessor:} 15. b3 b5 16. axb5 axb5 17. Ra7 b4 18. Ne4 Bb7 {0-1 (55) Pujari,R (2137)-Sunilduth Lyna,N (2515) Pune 2016}) 15... Re8 16. b4 (16. h4 {keeps more tension.} Nc4 17. Qc1 b5 18. axb5 axb5 19. b4) 16... cxb4 $1 17. Rxb4 Nxf3+ 18. Bxf3 Ne5 $1 {[%cal Re5f3]} 19. Bxe5 Bxe5 20. Bg2 Bd7 $36 {[%mdl 2048] Black is more active.} 21. e4 (21. Rc1 $15) 21... Rec8 $17 22. Ne2 Qd8 23. Reb1 Qa5 ({Black should try} 23... b5 $17 24. axb5 a5) 24. Qd1 $15 Rc7 25. Nd4 Rbc8 26. Bf1 {[#]} (26. Nf3 $15) 26... Rc1 $1 $19 {[%cal Rc1d1][%mdl 576] Deflection} 27. Rxc1 Rxc1 ({Don't do} 27... Qxb4 28. Rxc8+ Bxc8 29. Nf3 $17) 28. Qxc1 Qxb4 29. Nf3 {[#]} Qc3 $1 {[%cal Rc3c1]} ({Not} 29... Qxa4 30. Nxe5 dxe5 31. Qc7 $16) 30. Qd1 {[#]} Bg7 {Played: Bd7xa4} 0-1

[Event "World Senior chT-50 2019"]
[Site "Rhodes"]
[Date "2019.04.23"]
[Round "8.15"]
[White "Movsziszian, Karen"]
[Black "Neave, George"]
[Result "1-0"]
[WhiteElo "2485"]
[BlackElo "2101"]
[Annotator "TA"]
[PlyCount "89"]
[EventDate "2019.04.16"]
[EventType "team-tourn"]
[EventCountry "GRE"]
[SourceTitle "playchess.com"]
[Source "ChessBase"]
[SourceQuality "1"]
[WhiteTeam "Armenia"]
[BlackTeam "Scotland"]
[WhiteTeamCountry "ARM"]
[BlackTeamCountry "SCO"]

{[%evp 14,89,-12,-6,0,-24,-24,-11,-16,-21,17,6,18,-31,-29,-22,-4,0,12,0,0,-20,-20,-12,-17,-20,0,-12,-2,-26,0,-48,-13,-31,-15,-34,-19,-20,-24,-28,-20,-25,0,-12,0,-3,0,0,0,0,0,0,0,0,0,0,0,0,0,0,0,0,0,0,0,0,0,0,408,408,2304,2192,1331,1312,1283,1264,29982,29983]} 1. g3 c5 2. Bg2 g6 3. f4 d5 4. d3 Nf6 5. Nf3 Nc6 6. O-O Bg7 7. c3 O-O 8. Na3 Re8 {A03: Bird's Opening with 1...d5} 9. Ne5 (9. Nh4 b6 10. e4 dxe4 11. Qa4 Qxd3 12. Qxc6 Bd7 13. Qc7 Ng4 14. Re1 Bd4+ 15. cxd4 Qxd4+ 16. Be3 Nxe3 {1-0 (58) Carlsen,M (2837)-Adams,M (2715) London 2017}) 9... Qc7 10. Nxc6 Qxc6 {The position is equal.} 11. c4 $146 ({Predecessor:} 11. Nc4 Be6 12. Ne5 Qc7 13. e4 Rad8 14. Qc2 c4 15. dxc4 dxe4 16. Be3 Bxc4 17. Nxc4 Qxc4 18. Bxa7 {0-1 (36) Aycock,A (1848)-Klewe,W (2216) ICCF email 2016}) 11... e6 12. Qc2 b6 13. Bd2 Bb7 14. Rae1 a6 15. e4 dxe4 16. dxe4 Ng4 17. Re2 Bd4+ 18. Kh1 Qc7 19. h3 Nf6 20. Qb3 Nd7 21. Nc2 Bg7 22. a4 Rab8 23. Ne3 Bc6 24. Qc2 b5 25. axb5 axb5 26. e5 Nb6 27. Ba5 Qb7 28. Bxb6 Qxb6 29. Rd1 Red8 30. Red2 Bxg2+ 31. Kxg2 {Black should prevent Rxd8+.} Rxd2+ 32. Rxd2 Bf8 33. Qe4 Rd8 34. Rxd8 Qxd8 35. cxb5 Qd2+ 36. Kf3 {[#] Qc6 is the strong threat.} Qxb2 37. Qc6 {Black must now prevent b6.} Qa1 38. Kg2 {Hoping for b6.} Qb2+ 39. Kf3 {And now b6 would win.} Qa1 40. h4 Qh1+ $2 {[%mdl 8192]} (40... Kg7 $11 {and Black is okay.}) 41. Kf2 $18 Qc1 {[#]} (41... Qb1 $142 42. b6 c4) 42. b6 $1 c4 43. b7 Qb2+ 44. Kf3 Qb1 45. Qc7 {Played: Qc6-c8} 1-0

[Event "World Senior chT-50 2019"]
[Site "Rhodes"]
[Date "2019.04.23"]
[Round "8.16"]
[White "Smith, Peter R"]
[Black "Kalantaryan, Norayr"]
[Result "0-1"]
[WhiteElo "2038"]
[BlackElo "2377"]
[Annotator "RC"]
[PlyCount "114"]
[EventDate "2019.04.16"]
[EventType "team-tourn"]
[EventCountry "GRE"]
[SourceTitle "playchess.com"]
[Source "ChessBase"]
[SourceQuality "1"]
[WhiteTeam "Scotland"]
[BlackTeam "Armenia"]
[WhiteTeamCountry "SCO"]
[BlackTeamCountry "ARM"]
[TimeControl "40/5400+30:1800+30"]

1. Nf3 {[%emt 0:00:00]} Nc6 {[%emt 0:00:00]} 2. d4 {[%emt 0:00:00]} d6 {[%emt 0:00:00]} 3. e4 {[%emt 0:00:19]} Nf6 {[%emt 0:00:00]} 4. Nc3 {[%emt 0:00:12]} Bg4 {[%emt 0:00:00]} 5. Be3 {[%emt 0:00:15]} e5 {[%emt 0:00:07]} 6. d5 {[%emt 0:02:33]} Ne7 {[%emt 0:00:05]} 7. Be2 {[%emt 0:00:55]} Nc8 {[%emt 0:01:28]} 8. h3 {[%emt 0:02:31]} Bd7 {[%emt 0:00:04]} 9. Qd2 {[%emt 0:02:53]} Be7 {[%emt 0:00:05]} 10. O-O {[%emt 0:01:36]} O-O {[%emt 0:01:20]} 11. Rad1 {[%emt 0:03:53]} c5 {[%emt 0:06:24]} 12. dxc6 {[%emt 0:04:25]} Bxc6 {[%emt 0:01:44]} 13. Qd3 {[%emt 0:03:52]} a6 {[%emt 0:08:28]} 14. Bg5 {[%emt 0:03:04]} Ne8 {[%emt 0:15:30]} 15. Bxe7 {[%emt 0:03:32]} Qxe7 {[%emt 0:00:05]} 16. Nd5 {[%emt 0:00:44]} Bxd5 {[%emt 0:08:28]} 17. Qxd5 {[%emt 0:00:20]} Nf6 {[%emt 0:04:32]} 18. Qd3 {[%emt 0:01:19]} d5 {[%emt 0:05:30]} 19. Nd2 {[%emt 0:01:59]} d4 {[%emt 0:04:42]} 20. f4 {[%emt 0:12:26]} Na7 {[%emt 0:16:31]} 21. fxe5 {[%emt 0:04:20]} Qxe5 {[%emt 0:00:54]} 22. Nf3 {[%emt 0:05:10]} Qxe4 {[%emt 0:04:38]} 23. Qxe4 {[%emt 0:00:41]} Nxe4 {[%emt 0:00:04]} 24. Nxd4 {[%emt 0:00:40]} Ng3 {[%emt 0:01:27]} 25. Rf3 {[%emt 0:01:05]} Nxe2+ {[%emt 0:00:17]} 26. Nxe2 {[%emt 0:00:01]} Nc6 {[%emt 0:01:23]} 27. Rb3 {[%emt 0:06:33]} b5 {[%emt 0:02:18]} 28. a4 {[%emt 0:06:41]} bxa4 {[%emt 0:03:14]} 29. Rb6 {[%emt 0:09:33]} Ne5 {[%emt 0:01:09]} 30. Rd4 {[%emt 0:02:17]} Rfc8 {[%emt 0:00:47]} 31. c3 {[%emt 0:02:58]} a3 {[%emt 0:02:56]} 32. bxa3 {[%emt 0:00:17]} Nc4 {[%emt 0:00:21]} 33. Rb3 {[%emt 0:06:51]} g6 {[%emt 0:00:15]} 34. a4 {[%emt 0:00:19]} Ra7 {[%emt 0:02:00]} 35. Rb4 {[%emt 0:01:16]} Ne5 {[%emt 0:00:24]} 36. Rb6 {[%emt 0:01:38]} Kg7 {[%emt 0:00:43]} 37. Rbd6 {[%emt 0:03:23]} Rcc7 {[%emt 0:01:10]} 38. Rb4 {[%emt 0:01:57]} a5 {[%emt 0:07:10]} 39. Rb5 {[%emt 0:01:32]} Nc4 {[%emt 0:00:07]} 40. Rdd5 {[%emt 0:00:00]} Ra6 {[%emt 0:00:00]} 41. Nd4 {[%emt 0:03:51]} Ra8 {[%emt 0:05:07]} 42. Nb3 {[%emt 0:03:26]} Rac8 {[%emt 0:05:05]} 43. Nxa5 {[%emt 0:02:12]} Nxa5 {[%emt 0:00:35]} 44. Rxa5 {[%emt 0:00:01]} Rxc3 {[%emt 0:00:08]} 45. Ra7 {[%emt 0:02:27]} Rc1+ {[%emt 0:00:04]} 46. Kh2 {[%emt 0:01:41]} h5 {[%emt 0:00:59]} 47. h4 {[%emt 0:04:29]} R8c4 {[%emt 0:00:34]} 48. Rd3 {[%emt 0:06:05]} Rxh4+ {[%emt 0:00:29]} 49. Rh3 {[%emt 0:00:47]} Rf4 {[%emt 0:00:16]} 50. a5 {[%emt 0:01:48]} Rc2 {[%emt 0:04:39]} 51. Rb7 {[%emt 0:02:26]} Ra2 {[%emt 0:01:07]} 52. Rb5 {[%emt 0:00:42]} Kh6 {[%emt 0:03:58]} 53. Rhb3 {[%emt 0:04:35]} Rfa4 {[%emt 0:05:02]} 54. Rf3 {[%emt 0:02:33]} f5 {[%emt 0:00:05]} 55. Rg3 {[%emt 0:01:22]} h4 {[%emt 0:01:42]} 56. Rh3 {[%emt 0:01:22]} Kg5 {[%emt 0:03:01]} 57. Rc5 {[%emt 0:00:57]} Rg4 {[%emt 0:00:47]} 0-1

[Event "World Senior chT-50 2019"]
[Site "Rhodes"]
[Date "2019.04.23"]
[Round "8.17"]
[White "Speelman, Jon S"]
[Black "Mitrandzas, Athanasios"]
[Result "1-0"]
[WhiteElo "2509"]
[BlackElo "2055"]
[Annotator "TA"]
[PlyCount "57"]
[EventDate "2019.04.16"]
[EventType "team-tourn"]
[EventCountry "GRE"]
[SourceTitle "playchess.com"]
[Source "ChessBase"]
[SourceQuality "1"]
[WhiteTeam "England"]
[BlackTeam "Greece"]
[WhiteTeamCountry "ENG"]
[BlackTeamCountry "GRE"]

{[%evp 9,57,14,17,16,24,13,17,-4,4,0,26,33,33,22,37,27,33,39,42,40,43,50,51,39,62,43,85,93,91,88,70,58,106,93,251,250,265,257,268,253,294,298,289,289,293,293,366,289,329,268]} 1. Nf3 c5 2. e3 g6 3. d4 Bg7 4. d5 d6 (4... Nf6 5. Nc3 O-O 6. Bc4 d6 7. h3 Nbd7 8. O-O Nb6 9. Be2 e6 10. e4 exd5 11. exd5 Bf5 {½-½ (26) Bocharov,D (2533)-Paravyan,D (2634) Khanty-Mansiysk 2018}) 5. Nc3 Nf6 6. Bb5+ {A40: Unusual replies to 1 d4} Bd7 $146 ({Predecessor:} 6... Nbd7 7. O-O O-O 8. e4 a6 9. Be2 b5 10. Nd2 c4 11. a3 {½-½ (31) Kernot,A-Helbig,D Yeovil 2009}) 7. a4 O-O 8. h3 {The position is equal.} Na6 9. O-O Rb8 10. e4 Nc7 11. Re1 a6 12. Bxd7 Nxd7 13. a5 b5 14. axb6 Rxb6 15. Na4 $36 {[%mdl 2048] White is more active.} Rb5 16. c4 Rb4 17. Qc2 e5 18. Bd2 Rb7 19. Reb1 f5 20. Ra3 fxe4 21. Ng5 Nf6 $2 {[#]} (21... Bh6 $16 22. Nxe4 Bxd2) 22. Ba5 $1 $18 Qe7 {[#]} 23. Bxc7 $1 Rxc7 24. Ne6 {[%mdl 64] Double Attack} Rb7 25. Nxf8 Bxf8 26. Nc3 e3 27. fxe3 Bh6 28. Ne4 ({Not} 28. Rxa6 Bxe3+ 29. Kh1 Nh5 $16) 28... Rb8 29. Rf1 {Accuracy: White = 69%, Black = 37%.} ({Weaker is} 29. Rxa6 Bxe3+ 30. Kh1 Nxe4 $16) 1-0

[Event "World Senior chT-50 2019"]
[Site "Rhodes"]
[Date "2019.04.23"]
[Round "8.18"]
[White "Ilandzis, Spyridon"]
[Black "Arkell, Keith C"]
[Result "0-1"]
[WhiteElo "2021"]
[BlackElo "2467"]
[Annotator "TA"]
[PlyCount "162"]
[EventDate "2019.04.16"]
[EventType "team-tourn"]
[EventCountry "GRE"]
[SourceTitle "playchess.com"]
[Source "ChessBase"]
[SourceQuality "1"]
[WhiteTeam "Greece"]
[BlackTeam "England"]
[WhiteTeamCountry "GRE"]
[BlackTeamCountry "ENG"]

{[%evp 13,162,60,60,53,50,38,53,54,46,46,102,107,128,67,75,68,114,114,108,117,125,122,170,89,147,-6,-8,0,4,6,15,16,20,17,19,10,22,30,21,17,35,0,0,0,0,0,0,0,0,0,0,0,0,0,0,0,0,0,0,0,0,0,0,0,0,0,0,0,0,-8,42,0,0,-143,-141,-119,-65,-167,0,0,0,0,0,0,0,-8,-8,-285,-265,-253,-220,-187,0,0,0,0,0,-8,-8,-20,-8,-82,-8,-8,-8,-82,-8,-82,-82,-82,-82,-82,-82,-82,-82,-82,-82,-82,-82,-82,-82,-82,-35,-82,-82,-614,-566,-427,-82,-576,-411,-343,-82,-82,-82,-82,-82,-82,-82,-29980,-29981,-29980,-29981,-29983,-9723,-29984,-29985,-29991,-29992,-29992,-29993]} 1. d4 Nf6 2. c4 e6 3. Nc3 Bb4 4. Qc2 c5 5. dxc5 Na6 6. a3 Qa5 7. Bd2 Nxc5 8. O-O-O {E38: Nimzo-Indian: Classical: 4...c5} Bxc3 $1 9. Bxc3 Qa4 10. Qxa4 {White is slightly better.} Nxa4 11. Be5 a5 $146 (11... Nc5 $14) ({Predecessor:} 11... b6 12. f3 Ke7 13. Bd6+ Kd8 14. e4 Ne8 15. Bg3 Ke7 {1-0 (40) Shirov,A (2746)-Bauer,C (2562) Istanbul 2000}) 12. f3 $16 Nc5 13. b4 (13. e4 $16) 13... axb4 14. axb4 {[%cal Ba3b4,Bb4b5][%mdl 32]} Na6 15. Bd6 {Black must now prevent b5.} Kd8 16. b5 $1 {[%cal Rb5a6]} Nc7 17. Kb2 b6 18. Nh3 (18. e4 $18) 18... Nfe8 (18... Nce8 $142) 19. Ng5 $2 (19. Bb4 $16 {aiming for Ng5.} h6 20. Nf2) 19... Nxd6 $11 20. Rxd6 f6 21. Ne4 Rb8 22. e3 Ke7 {Threatens to win with ...f5.} 23. Rd2 d5 24. Nc3 $1 Bb7 25. Be2 Rhd8 26. Rhd1 Ra8 27. cxd5 Nxd5 28. Nxd5+ Rxd5 29. e4 Rxd2+ 30. Rxd2 {[%mdl 4096] Endgame KRB-KRB} Rc8 31. Kb3 Rc5 32. Bc4 g5 33. Ra2 Rc7 34. g4 Bc8 35. h4 h6 36. hxg5 hxg5 37. Rh2 Kd6 38. Rh8 Ke5 39. Rf8 Kd4 40. Rd8+ Ke3 41. Rd6 Re7 42. Rd3+ (42. Rc6 $5 {[%cal Rc6c8]} Bb7 43. Rxe6 (43. Rxb6 Kxf3 44. Bxe6 Bxe4 $11) 43... Rxe6 44. Bxe6 $11) 42... Kf4 43. Kb4 (43. Rd6 $11) 43... Rd7 $17 {And now ...Rxd3 would win.} 44. Rc3 Rd2 (44... Rd4 $17 45. Ka3 Bd7) 45. Bb3 (45. Bf1 $15 Rd4+ 46. Kb3) 45... Bd7 $2 ({Better is} 45... Rd4+ $1 $19 46. Ka3 Bd7) 46. Rc6 $1 $11 Rd4+ 47. Bc4 $1 Kxf3 48. Rxb6 Kxg4 49. Kc5 Rxe4 50. Rd6 $2 {[%mdl 8192]} (50. Rb7 $11 {and White has nothing to worry.} Bxb5 51. Bxb5) 50... Re5+ $1 $19 51. Kb4 {[#]} Bxb5 $1 {[%mdl 512]} 52. Bxb5 {KRB-KR} Re3 $2 (52... f5 $19 53. Bc4 f4) 53. Bd7 $11 Kf5 54. Kc4 Re4+ 55. Kd3 g4 56. Bc6 Re5 57. Rd8 (57. Rd4 $11 {keeps the balance.}) 57... g3 (57... Kf4 $17) 58. Rg8 Kf4 59. Kd2 {[#]} (59. Rg6 $11 {remains equal.}) 59... f5 ({Black should try} 59... Rc5 $1 $17 {[%cal Rc5c6]} 60. Ba4 f5) 60. Bg2 (60. Rg6 $11) 60... Ra5 $17 {[%mdl 1024] Black has strong compensation.} 61. Ke1 e5 62. Rb8 Ra3 63. Ke2 Ra2+ 64. Kf1 Ra1+ 65. Ke2 Rg1 66. Bh3 {[#]} Rh1 $1 {[%cal Rh1h3]} 67. Bg2 Ra1 68. Rb4+ e4 69. Rb5 $2 {[%mdl 8192]} (69. Rd4 $17) 69... Ra2+ $19 70. Kf1 Kg4 $2 (70... Rf2+ $19 71. Kg1 e3) 71. Re5 $2 {[%mdl 8192]} (71. Rb7 $17 {is a better chance.}) 71... Rf2+ 72. Kg1 {intending Bxe4!} Re2 $2 (72... Kf4 $19 {has better winning chances.} 73. Rd5 e3 74. Rd4+ Ke5 75. Rd5+ Ke6) 73. Kf1 $17 Re3 74. Re8 Ra3 75. Ke2 Kf4 {...Ra2+ is the strong threat.} 76. Rf8 $2 {[%mdl 8192]} (76. Rd8 $17) 76... Ra2+ 77. Kf1 Ke3 {[%cal Ra2a1]} 78. Kg1 Ra1+ 79. Bf1 f4 {Black mates.} 80. Rg8 Kf3 81. Rg7 e3 {Accuracy: White = 43%, Black = 53%.} 0-1